ewige Tabelle der Premier League - Statistiken

Allgemein
  • Dieses Quiz wurde 115 mal gespielt
  • Das Durchschnittsergebnis liegt bei 22 aus 65
Antwortstatistiken
Platz Punkte Verein % Korrekt
4 6804 Manchester United
98%
6 5818 Manchester City
96%
1 7392 FC Liverpool
92%
7 5469 FC Chelsea
88%
2 7233 FC Arsenal
87%
8 5447 Tottenham Hotspur
72%
3 6966 FC Everton
70%
5 6293 Aston Villa
65%
16 3467 West Ham United
64%
9 5235 Newcastle United
60%
21 3128 Nottingham Forest
59%
19 3236 Leeds United
57%
27 2296 FC Southampton
54%
24 2813 Leicester City
53%
12 3736 Wolverhampton Wanderers
48%
37 1163 Crystal Palace
47%
18 3269 Sheffield United
47%
13 3702 Blackburn Rovers
45%
33 1411 FC Fulham
45%
43 622 Brighton & Hove Albion
43%
20 3170 FC Burnley
42%
41 833 Luton Town
42%
15 3552 Sheffield Wednesday
40%
32 1493 Ipswich Town
39%
10 4614 AFC Sunderland
37%
25 2755 Birmingham City
37%
48 527 FC Brentford
37%
36 1256 Norwich City
36%
38 1146 Queens Park Rangers
35%
14 3692 Bolton Wanderers
32%
40 890 Cardiff City
32%
29 1765 FC Portsmouth
31%
23 2917 Stoke City
31%
50 422 Swansea City
30%
17 3303 Derby County
29%
11 4091 West Bromwich Albion
29%
51 411 AFC Bournemouth
27%
44 622 FC Watford
27%
53 171 Hull City
26%
28 1810 Huddersfield Town
23%
31 1527 FC Blackpool
22%
34 1318 Charlton Athletic
21%
22 3065 FC Middlesbrough
21%
52 331 Wigan Athletic
20%
42 729 FC Wimbledon
19%
49 436 Bristol City
18%
30 1686 Coventry City
17%
58 79 FC Millwall
17%
56 119 FC Reading
16%
26 2403 Preston North End
14%
47 582 Bradford City
10%
45 606 Oldham Athletic
10%
62 35 FC Barnsley
9%
35 1276 Notts County
9%
57 119 Oxford United
7%
63 30 Swindon Town
6%
64 27 Leyton Orient
4%
39 1017 FC Bury
3%
59 43 Northampton Town
2%
60 41 Carlisle United
1%
65 22 Glossop North End
1%
46 598 Grimsby Town
1%
54 147 Bradford P.A.
0%
55 138 FC Accrington
0%
61 41 FC Darwen
0%
Keine übereinstimmenden Quizze gefunden
Verteilung der Resultate
Anzahl Personen mit jedem Resultat
Perzentil nach korrekt beantworteten Fragen
Ihre Resultats-Entwicklung
Sie haben dieses Quiz noch nicht gespielt